| 000 | 01216nam0a22002891 4500 | ||
|---|---|---|---|
| 001 | rc\1156455 | ||
| 005 | 20041129084852.8 | ||
| 035 | _a(NLR Aleph) 006401395 | ||
| 090 |
_a5249827 _c5249827 |
||
| 100 | _a20041129d1980 u |0rusy50 ca | ||
| 101 | 0 | _arus | |
| 102 | _aRU | ||
| 105 | _ay ||||||||| | ||
| 200 | 1 |
_aПлановая цена: ее природа и использование при социализме _dPlanovana cena: jej podstata a vyuzitie v socializme _e[Перевод _fВ.В. Куликов, Е.С. Городецкий, М. Саболчик и др.] _gПод ред. Е.С. Городецкого, М. Йиргеса |
|
| 210 |
_aМ. _cЭкономика _aБратислава _cПравда _d1980 |
||
| 215 |
_a279 с. _d20 |
||
| 300 | _aСовмест. изд. | ||
| 510 | 0 | _aPlanovana cena: jej podstata a vyuzitie v socializme | |
| 701 | 1 |
_aКуликов _bВ. В. _gВсеволод Всеволодович |
|
| 701 | 1 |
_aСаболчик _bМ. |
|
| 702 | 1 |
_aГородецкий _bЕ. С. _gЕвгений Семенович _4340 |
|
| 702 | 1 |
_aЙиргес _bМ. _4340 |
|
| 801 | 0 |
_aRU _bNLR _gpsbo |
|
| 801 | 1 |
_aRU _bELAR _2rusmarc |
|
| 852 |
_aNLR _j80-3/2301 |
||
| 942 | _cBOOK | ||
| 980 | _aNB | ||